| 000 | 00619nam a2200193 a 4500 | ||
|---|---|---|---|
| 005 | 20240925063825.0 | ||
| 008 | 010713s1989 es r 000 0 spa d | ||
| 020 | _a8486556902 | ||
| 035 | _aUPN01000109559 | ||
| 049 | _aCG | ||
| 050 | 4 |
_aQA8.4 _bC3.48 |
|
| 100 | 1 |
_aCaramuel Lobkowitz, Juan, _d1606-1682 |
|
| 245 | 1 | 0 |
_aFilosofía de la matemática : _bmeditatio progemialis / _cJuan Caramuel ; tr. Julián Velarde Lombraña. |
| 260 |
_aBarcelona, Esp. : _bAlta Fulla, _c1989. |
||
| 300 |
_a92, [2] p. : _bil. |
||
| 440 | 0 |
_aBiblioteca. _pFilosofía ; _v3 |
|
| 650 | 2 |
_aMatemáticas _xFilosofía _914449 |
|
| 905 | _aLibro | ||
| 999 |
_c83470 _d83470 |
||